| 000 | 00995npm a2200253 i 4500 | ||
|---|---|---|---|
| 001 | 5301 | ||
| 003 | ES-MaACL | ||
| 005 | 20230909110444.0 | ||
| 007 | hzrazu bucu | ||
| 008 | 900430r19901805sp b 00010 spa d | ||
| 080 | _a87-13"-00" | ||
| 080 | _a87 (Ovidio 7.M.03=6) | ||
| 100 | 1 |
_aOvidio Nasón, Publio. _988013 |
|
| 245 | 1 | 0 |
_aMetamorfoseos _b: o Transformaciones [Microforma] / _cde Ovidio ; traducidos al castellano, con algunas notas... por Francisco Crivell. |
| 260 |
_aMadrid : _bAteneo Cientifico, Literario y Artistico, _c1990. |
||
| 300 |
_a3 microfichas : _bnegativo. |
||
| 500 | _aPublicado originalmente: Madrid, Impr. Real, 1805-1819, nueva ed. en 4 tomos. | ||
| 505 | 8 | _aMicroficha n. 1: Tomo 1 a tomo 2 (p.74) -- Microficha n. 2: Tomo 2 a tomo 3 (p.141) -- Microficha n 3: Tomo 3 a tomo 4 | |
| 650 | 1 | 4 |
_aObras de 1800. _915662 |
| 700 | 1 |
_aCrivell, Francisco. _941651 |
|
| 852 |
_aES-MaACL _jMCF-44 _95418 |
||
| 942 |
_2udc _cMICROFORMA |
||
| 999 |
_c5301 _d5301 |
||